Geography Quiz

Random Geography or City Quiz

Largest Cities: France Overseas Quiz Stats

Quiz not verified by Sporcle

Challenge
Share
Tweet
Embed
Score 0/10 Timer 03:00
0 Plays Today
Population City % Correct
61,550Cayenne
85.2%
137,195Saint-Denis
81.5%
89,995Fort-de-France
77.8%
93,060Noumea
75.9%
76,655Saint-Pierre
44.4%
99,307Saint-Paul
37%
63,058Les Abymes
18.5%
69,986Le Tampon
16.7%
54,831Mamoudzou
16.7%
48,674Saint-Andre
7.4%

You're not logged in!

Compare scores with friends on all Sporcle quizzes.
Sign Up with Email
OR
Log In

You Might Also Like...

Show Comments

Extras

Top Quizzes Today


Score Distribution

Your Account Isn't Verified!

In order to create a playlist on Sporcle, you need to verify the email address you used during registration. Go to your Sporcle Settings to finish the process.